000 04655cam a2200541Ia 4500
001 11634139
003 OSt
005 20211110155828.0
006 m o d
007 cr cn|||||||||
008 120416s2012 enka ob 001 0 eng d
020 _a9780080970165
024 8 _a9786613611154
035 _a(OCoLC)ocn785829133
035 _a(OCoLC)785829133
_z(OCoLC)824745252
_z(OCoLC)868231791
037 _a1106947:10998233
_bElsevier Science & Technology
_nhttp://www.sciencedirect.com
038 _aKhadija
040 _aOPELS
_beng
_epn
_cOPELS
_dCDX
_dCOO
_dB24X7
_dOCLCQ
_dOCLCF
_dOTZ
_dOCLCO
_dUMI
_dVLB
_dDEBBG
_dDEBSZ
_dOCLCQ
049 _aZCUA
050 4 _aTL270
_b.P33 2012
082 0 4 _a629.23
_223
_bPAC
100 1 _aPacejka, H. B.
_983846
245 1 0 _aTire and vehicle dynamics /
_cHans B. Pacejka ; contributing author, Igo Besselink.
250 _a3rd ed.
260 _aOxford, UK ;
_aWaltham, MA :
_bButterworth-Heinemann ;
_a[Warrendale, PA] :
_bDistributed in conjunction with SAE International,
_c2012.
300 _a1 online resource (xvi, 632 pages) :
_billustrations
504 _aIncludes bibliographical references (pages 593-601) and index.
505 0 _a1. Tire characteristics and vehicle handling and stability -- 2. Basic tire modeling considerations -- 3. Theory of steady-state slip force and moment generation -- 4. Semi-empirical tire models -- 5. Non-steady-state out-of-plane string-based tire models -- 6. Theory of the wheel shimmy phenomenon -- 7. Single contact point transient tire models -- 8. Applications of transient tire models -- 9. Short wavelength intermediate frequency tire model -- 10. Dynamic tire response to short road unevennesses -- 11. Motorcycle dynamics -- 12. Tire steady-state and dynamic test facilities -- 13. Outlines of three advanced dynamic tire models.
520 _aThe definitive book on tire mechanics by the acknowledged world expert Covers everything you need to know about pneumatic tires and their impact on vehicle performance, including mathematic modeling and its practical application Written by the acknowledged world authority on the topic and the name behind the most widely used model, Pacejka's 'Magic Formula' Updated with the latest information on new and evolving tire models to ensure you can select the right model for your needs, apply it appropriately and understand its limitations In this well-known resource, leading tire model expert Hans Pacejka explains the relationship between operational variables, vehicle variables and tire modeling, taking you on a journey through the effective modeling of complex tire and vehicle dynamics problems. Covering the latest developments to Pacejka's own industry-leading model as well as the widely-used models of other pioneers in the field, the book combines theory, guidance, discussion and insight in one comprehensive reference. While the details of individual tire models are available in technical papers published by SAE, FISITA and other automotive organizations, Tire and Vehicle Dynamics remains the only reliable collection of information on the topic and the standard go-to resource for any engineer or researcher working in the area. New edition of the definitive book on tire mechanics, by the acknowledged world authority on the topicCovers everything an automotive engineer needs to know about pneumatic tires and their impact on vehicle performance, including mathematic modelling and its practical applicationMost vehicle manufacturers use what is commonly known as Pacejka's 'Magic Formula', the tire model developed and presented in this book.
563 _aHardcover
650 0 _aTires
_xPerformance.
_983847
650 0 _aMotor vehicles
_xDynamics.
_910006
650 0 _aMotor vehicles
_xTires.
_938456
650 0 _aTires
_xTraction.
_983848
650 4 _aTires
_xPerformance.
_983847
650 4 _aMotor vehicles
_xDynamics.
_910006
650 4 _aMotor vehicles
_xTires.
_938456
650 4 _aTires
_xTraction.
_983848
650 7 _aMotor vehicles
_xDynamics.
_2fast
_910006
650 7 _aMotor vehicles
_xTires.
_2fast
_938456
650 7 _aTires
_xPerformance.
_2fast
_983847
650 7 _aTires
_xTraction.
_2fast
_983848
655 4 _aElectronic books.
_9621
700 1 _aBesselink, Igo.
_983849
776 0 8 _iPrint version:
_aPacejka, H.B.
_tTire and vehicle dynamics.
_b3rd ed.
_dOxford, UK ; Waltham, MA : Butterworth-Heinemann ; [Warrendale, PA] : Distributed in conjunction with SAE International, 2012
_z9780080970165
_w(OCoLC)682895894
856 4 0 _uhttp://www.columbia.edu/cgi-bin/cul/resolve?clio11634139
_zACADEMIC - Mechanics & Mechanical Engineering
942 _2ddc
_cBK
999 _c33009
_d33009